000
00214 a2200097 4500
001
29058
100
_a
Mc Daniel H.B
245
_a
Guidance in the modern school
260
_a
_b
Rinehart
_c
090
_c
19409
_d
19409
942
_a
NUST-CAE
_c
M
_c
10457
999
_c
264131
_d
264131